000 00339nam a22001337a 4500
999 _c527977
_d527977
003 NUST
038 _aM.Ramzan
082 _a519.536
_bKUT
100 _aKutner, Michael H.
_919471
245 _aApplied Linear statistical models /
_cMichael H. Kutner
260 _aBosten
_bMcGraw Hill
_c2005
300 _a1396 p, :
_c25cm
942 _2ddc
_cBK